000 00287nam a22001337a 4500
008 171002b xxu||||| |||| 00| 0 eng d
020 _a2900072825281
041 _aeng
080 _24TH
_a37
100 _a47
101 _aEDU
245 _aENGLISH BURSHUP
_cLANGAN,J
942 _2udc
_cBK
999 _c31104
_d31104